[Event "Bucharest Caissa"]
[Site "Bucharest"]
[Date "1993.??.??"]
[Round "4"]
[White "Csom, Istvan"]
[Black "Zak, Uriel"]
[Result "1-0"]
[WhiteElo "2520"]
[BlackElo "2305"]

1.c4 b6 2.b3 Bb7 3.Bb2 Nf6 4.e3 g6 5.Nf3 Bg7 6.Be2 O-O 7.O-O c5 8.d3 Nc6
9.a3 d5 10.cxd5 Nxd5 11.Bxg7 Kxg7 12.Qc2 e5 13.Nc3 Rc8 14.Nxd5 Qxd5 15.Qb2 a5
16.Rfd1 Rb8 17.Ne1 Rfd8 18.Bf3 Qe6 19.Nc2 Rd7 20.Be2 Qd6 21.b4 axb4 22.axb4 cxb4
23.Rdb1 Rc7 24.Bf1 Ra8 25.Rxa8 Bxa8 26.Nxb4 Nxb4 27.Qxb4 Qxb4 28.Rxb4 Rc6
29.g3 g5 30.f3 Rf6 31.e4 Rxf3 32.Rb5 Rf6 33.Rxe5 h6 34.Rb5 Rc6 35.Be2 Bb7
36.Kf2 Kf6 37.Ke3 Ba6 38.Rb3 Ke7 39.Ra3 b5 40.d4 f6 41.d5 Rb6 42.Kd4 Kd6
43.Ra5 h5 44.h4 g4 45.Bd3 Kc7 46.Kc5 Rd6 47.Bxb5 Bxb5 48.Rxb5 Ra6 49.d6+ Kc8
50.Kd5 Ra4 51.Rc5+ Kd7 52.Rc7+ Kd8 53.Rc4 Ra3 54.Ke6  1-0

[Event "Calcutta op"]
[Site "Calcutta"]
[Date "1993.??.??"]
[Round "5"]
[White "Kamath, SJ."]
[Black "King, Daniel J"]
[Result "1/2-1/2"]
[WhiteElo "2265"]
[BlackElo "2500"]

1.c4 b6 2.Nc3 Bb7 3.Nf3 c5 4.b3 g6 5.Bb2 Bg7 6.e3 Nf6 7.Be2 O-O 8.O-O e6
9.d4 Qe7 10.Qc2 Nc6 11.Rad1 Rac8 12.Qb1 d6 13.Rd2 cxd4 14.Nxd4 Nxd4 15.Rxd4 Nd7
16.Rd2 Nc5 17.Rc1 Rfd8 18.Bf1 Ba8 19.Qa1 f5 20.Rdd1 Be5 21.Ne2 Bxb2 22.Qxb2 Qg7
23.Qxg7+ Kxg7 24.Nd4 a5 25.Nb5 d5 26.f3 Kf6 27.Nc3 dxc4 28.Bxc4 Ke7 29.Kf2 Bc6
30.Ke2 g5 31.Bb5 Rxd1 32.Rxd1 Bxb5+ 33.Nxb5  1/2-1/2

[Event "Cattolica"]
[Site "Cattolica"]
[Date "1993.??.??"]
[Round "8"]
[White "Vujovic, M."]
[Black "Sulava, Nenad"]
[Result "0-1"]
[WhiteElo "2280"]
[BlackElo "2430"]

1.c4 b6 2.d4 e6 3.Nd2 Bb7 4.Ngf3 c5 5.e3 Nf6 6.Be2 cxd4 7.exd4 Be7 8.O-O O-O
9.Ne5 d6 10.Bf3 Qc7 11.Bxb7 Qxb7 12.Qf3 Qxf3 13.Nexf3 Nc6 14.b3 d5 15.Bb2 dxc4
16.Nxc4 Rfc8 17.Nce5 Nb4 18.a3 Rc2 19.axb4 Rxb2 20.Nc6 Nd5 21.Nxa7 Rxb3 22.Nc6 Rxa1
23.Rxa1 f6 24.Nd2 Rd3 25.Nc4 Bxb4 26.g3 h5 27.Ra8+ Kh7 28.Rb8 Rc3 29.Nxb4 Nxb4
30.Nxb6 Nd3 31.Rc8 Rb3 32.Nd7 Rb1+ 33.Kg2 Ne1+ 34.Kh3 Kg6 35.Rc7 Nf3 36.Nf8+ Kh6
37.Nxe6 g5 38.Nxg5 fxg5 39.Rc6+ Kg7 40.Rc7+ Kf6 41.g4 Rg1 42.Rc6+ Ke7  0-1

[Event "Copenhagen OBRO"]
[Site "Copenhagen"]
[Date "1993.??.??"]
[Round "9"]
[White "Kristensen, Kaare"]
[Black "Hutters, Tomas"]
[Result "0-1"]
[WhiteElo "2295"]
[BlackElo "2430"]

1.c4 b6 2.d4 e6 3.g3 Bb7 4.Nf3 Nf6 5.Bg2 Bb4+ 6.Bd2 Be7 7.Nc3 O-O 8.Qc2 d5
9.cxd5 exd5 10.O-O Nbd7 11.Rfd1 Re8 12.Rac1 a6 13.Ng5 Nf8 14.Na4 Bd6 15.e3 N8d7
16.b4 Ne4 17.Nxe4 dxe4 18.Nc3 Qe7 19.b5 a5 20.Na4 h5 21.Nb2 Qg5 22.Nc4 Bf8
23.a4 Nf6 24.Ne5 Bd6 25.Bc3 h4 26.Nc4 hxg3 27.hxg3 Ng4 28.Nxd6 cxd6 29.Be1 Rac8
30.Qb1 Qh5 31.Rxc8 Bxc8 32.Rc1 Qh2+ 33.Kf1 Nf6 34.Qc2 Bg4 35.Qc6 d5 36.Bxa5 bxa5
37.b6 Bf3 38.Bxf3 exf3 39.Ke1 Qg1+ 40.Kd2 Qxf2+  0-1

[Event "FRA"]
[Site "FRA"]
[Date "1993.??.??"]
[Round "?"]
[White "Roos, Celine"]
[Black "Haik, Aldo"]
[Result "0-1"]
[WhiteElo "2180"]
[BlackElo "2410"]

1.c4 b6 2.Nc3 Bb7 3.e4 e6 4.Nf3 Bb4 5.Bd3 Ne7 6.O-O Bxc3 7.dxc3 O-O 8.e5 Ng6
9.Re1 Bxf3 10.Qxf3 Nc6 11.Qg3 d6 12.Bg5 Qd7 13.Bxg6 hxg6 14.Rad1 d5 15.f4 Na5
16.b3 b5 17.cxd5 exd5 18.e6 fxe6 19.Qd3 Kf7 20.Re3 Nb7 21.Rde1 Rae8 22.c4 bxc4
23.bxc4 c6 24.cxd5 cxd5 25.Qa3 Nd6 26.Qa6 Rh8 27.Rb3 Rc8 28.Reb1 Rc7 29.Qa3 Ne4
30.Rb8 Rhc8 31.Rxc8 Qxc8 32.Bh4 Qf8 33.Qa4 Qc5+  0-1

[Event "HUN-chT"]
[Site "HUN"]
[Date "1993.??.??"]
[Round "?"]
[White "Gyurkovics, Miklos"]
[Black "Horvath, Sandor"]
[Result "1/2-1/2"]
[WhiteElo "2270"]
[BlackElo "2360"]

1.c4 b6 2.Nc3 Bb7 3.Nf3 Nf6 4.d4 e6 5.a3 d5 6.cxd5 exd5 7.Bg5 Be7 8.e3 O-O
9.Bxf6 Bxf6 10.Qb3 a6 11.Be2 Qd6 12.O-O Nd7 13.Rad1 g6 14.Rd2 Bg7 15.Na4 Rab8
16.Rc1 Rfc8 17.Qd1 Nf6 18.b4 Ne4 19.Rb2 Qd7 20.Ne5 Qe8 21.Nd3 Nd6 22.Ra2 Bc6
23.Nc3 Nc4 24.Bf3  1/2-1/2

[Event "HUN-chT"]
[Site "HUN"]
[Date "1993.??.??"]
[Round "?"]
[White "Volosin, Vladimir"]
[Black "Forintos, Gyozo V"]
[Result "1-0"]
[WhiteElo "2310"]
[BlackElo "2445"]

1.c4 b6 2.Nc3 Bb7 3.e4 e6 4.g3 Bb4 5.Bg2 f5 6.Nge2 Nf6 7.f3 fxe4 8.fxe4 O-O
9.O-O e5 10.h3 Nc6 11.Kh2 Bc5 12.d3 Nd4 13.Nxd4 Bxd4 14.Bg5 c6 15.Qd2 h6
16.Be3 Bxe3 17.Qxe3 Qe7 18.Rf2 Rae8 19.Raf1 Bc8 20.a3 d6 21.b4 Bd7 22.a4 Qf7
23.Qe2 Qg6 24.b5 Nh7 25.Rxf8+ Nxf8 26.a5 cxb5 27.axb6 axb6 28.cxb5 Ra8 29.Nd5 Re8
30.Qf2 Ne6 31.Qxb6 Nc5 32.Qc7 Kh7 33.b6 Rc8 34.Qa7 Qe8 35.h4 Kh8 36.Ra1 Be6
37.Nc7 Rd8 38.Nxe6 Qxe6 39.Bh3 Qb3 40.Bf5 Re8 41.Qf7  1-0

[Event "London SCCU op"]
[Site "London"]
[Date "1993.??.??"]
[Round "3"]
[White "Koshy, Varugeese"]
[Black "Murugan, Krishnamoorthy"]
[Result "1-0"]
[WhiteElo "2420"]
[BlackElo "2410"]

1.c4 b6 2.Nc3 Bb7 3.e4 c5 4.Nf3 Nc6 5.d4 cxd4 6.Nxd4 g6 7.Be2 Bg7 8.Be3 Nf6
9.O-O O-O 10.Nb3 d6 11.Rc1 Rc8 12.f3 Ne5 13.Nd5 Ned7 14.Qd2 h5 15.Bh6 Kh7
16.Bxg7 Kxg7 17.Nd4 a6 18.Rfd1 Rh8 19.Qg5 e6 20.Nf4 Nf8 21.Nd3 N6d7 22.Qg3 Qc7
23.b4 h4 24.Qg5 Rh6 25.Qe7 Ne5 26.Qxc7 Rxc7 27.Nxe5 dxe5 28.Nb3 f5 29.c5 b5
30.Na5 Bc8 31.Rd6 g5 32.a4 Ng6 33.axb5 Nf4 34.Bf1 axb5 35.Bxb5 g4 36.Bf1 gxf3
37.gxf3 fxe4 38.fxe4 Rg6+ 39.Kf2 Rf7 40.Ke3 Rg1 41.Rdd1 Rh1 42.b5 Rxh2 43.b6 h3
44.Rd2 Rxd2 45.Kxd2 h2 46.Bb5 Nh3 47.Rh1 Rf2+ 48.Kc3 Ra2 49.Kb4 Ng5 50.c6 Rb2+  1-0

[Event "Moscow blitz"]
[Site "Moscow"]
[Date "1993.??.??"]
[Round "?"]
[White "Sherbakov, Ruslan"]
[Black "Budnikov, Alexandar"]
[Result "1-0"]
[WhiteElo "2570"]
[BlackElo "2520"]

1.c4 b6 2.e4 Bb7 3.Nc3 e6 4.Nf3 c5 5.g3 d6 6.Bg2 Nc6 7.O-O Nf6 8.Re1 Be7
9.d3 O-O 10.h3 a6 11.a4 Nd7 12.Be3 Bf6 13.Nh2 Qe7 14.Rb1 Rfe8 15.Ng4 Bd4
16.Qd2 Bxe3 17.fxe3 Nde5 18.Nf2 Rac8 19.b3 Ng6 20.Kh2 a5 21.Qe2 Nce5 22.d4 Nd7
23.Rbd1 Nf6 24.Nd3 Qc7 25.Nb5 Qb8 26.Nf2 Rcd8 27.Rd2 Bc6 28.Nc3 Bb7 29.Rdd1 cxd4
30.exd4 e5 31.d5 Nd7 32.Nd3  1-0

[Event "FRA-ch"]
[Site "Nantes"]
[Date "1993.??.??"]
[Round "15"]
[White "Renet, Olivier"]
[Black "Bricard, Emmanuel"]
[Result "0-1"]
[WhiteElo "2505"]
[BlackElo "2440"]

1.c4 b6 2.Nc3 e6 3.Nf3 Bb7 4.e4 Bb4 5.Qb3 Na6 6.Be2 Ne7 7.O-O O-O 8.d3 f5
9.e5 Bxc3 10.Qxc3 d5 11.exd6 cxd6 12.d4 Ng6 13.Re1 Nc7 14.Bf1 Qf6 15.Bg5 Qf7
16.Bd2 Rae8 17.Qa3 Qd7 18.Rad1 a6 19.Ng5 h6 20.Nh3 f4 21.f3 b5 22.b3 Nh4
23.d5 g5 24.Nf2 exd5 25.cxb5 Nxb5 26.Qb2 h5 27.a4 Nc7 28.Rxe8 Nxe8 29.Nh3 Qf5
30.Qd4 Qxh3 31.Bc3 Qf5 32.Re1 Qf6 33.Qb4 Qf7 34.Bd3 Bc8 35.Qb8 Qc7 36.Qxc7 Nxc7
37.Ba5 Ne6 38.Bxa6 Bxa6 39.Rxe6 Rc8  0-1

[Event "Prague"]
[Site "Prague"]
[Date "1993.??.??"]
[Round "6"]
[White "Smejkal, Jan"]
[Black "Kengis, Edvins"]
[Result "1/2-1/2"]
[WhiteElo "2515"]
[BlackElo "2560"]

1.c4 b6 2.Nc3 e6 3.g3 Bb7 4.e4 f5 5.Bg2 Nf6 6.d3 fxe4 7.Nge2 Bc5 8.O-O O-O
9.Bg5 Be7 10.dxe4 Ng4 11.Bxe7 Qxe7 12.Nd4 Ne5 13.b3 Nbc6 14.Nc2 Nb4 15.Nxb4 Qxb4
16.Rc1 Rad8 17.f4 Nf7 18.Qd2 a6 19.Rf2 Qe7 20.Rcf1 Bc6 21.Qd3 Qc5 22.Kh1 b5
23.cxb5 axb5 24.Rc2 Qb6 25.Ne2 e5 26.Nc3 b4 27.Nd5 Bxd5 28.Qxd5 c6 29.Qc5 Qxc5
30.Rxc5 Ra8 31.Bh3 Rfd8 32.Rd1 Rxa2 33.Rxd7 Ra1+ 34.Kg2 Ra2+ 35.Kf3 Rxh2
36.Rxc6 Rxh3 37.Rxd8+ Nxd8 38.Rc8 exf4 39.Rxd8+ Kf7 40.Kxf4 h5 41.Rd7+ Kf8
42.Rb7 h4 43.gxh4 Rxb3 44.e5 Rb1 45.e6 b3 46.Kg3  1/2-1/2

[Event "Rishon Le Ziyyon"]
[Site "Rishon Le Ziyyon"]
[Date "1993.??.??"]
[Round "1"]
[White "Beim, Valery"]
[Black "Votava, Jan"]
[Result "1/2-1/2"]
[WhiteElo "2500"]
[BlackElo "2425"]

1.c4 b6 2.Nc3 Bb7 3.Nf3 Nf6 4.g3 c5 5.Bg2 g6 6.O-O Bg7 7.d4 cxd4 8.Qxd4 O-O
9.Qh4 Na6 10.Bh6 Rc8 11.Ng5 Bxg2 12.Kxg2 Nc7 13.Nce4 Nce8 14.b3 Nh5 15.Bxg7 Kxg7
16.Rad1 Qc7 17.Nc3 Qb7+ 18.Kg1 Nhf6 19.Qd4 Nc7 20.Nge4 Ne6 21.Qe5 Qc7 22.Qxc7 Rxc7
23.Nxf6 exf6 24.Rd6 f5 25.Rfd1 Nc5 26.Nb5 Rc6 27.R6d5 a6 28.Nd6 Kf6 29.f3 Rb8
30.R1d2 Ke6 31.Kf2 Nb7 32.Nxb7 Rxb7 33.R5d4 Ke7  1/2-1/2

[Event "Seefeld op"]
[Site "Seefeld"]
[Date "1993.??.??"]
[Round "6"]
[White "Schunk, Thomas"]
[Black "Schwarz, Werner"]
[Result "1-0"]
[WhiteElo "2210"]
[BlackElo "1800"]

1.c4 b6 2.Nf3 c5 3.Nc3 Bb7 4.d4 cxd4 5.Nxd4 e6 6.Nc2 Be7 7.e4 Nc6 8.Be2 Nf6
9.O-O O-O 10.f4 d6 11.b3 a6 12.Bb2 Qc7 13.Qd2 Rad8 14.Bf3 Rfe8 15.Kh1 Nb8
16.Ne3 Nbd7 17.Qc2 Bf8 18.Rad1 e5 19.f5 h6 20.g4 Qc5 21.Qe2 b5 22.cxb5 axb5
23.Ncd5 Rc8 24.Rc1 Qa7 25.a3 Nc5 26.Nxf6+ gxf6 27.g5 hxg5 28.Ng4 Bg7 29.Qe3 Qa8
30.Rfe1 Kf8 31.Kg1 Nd7 32.Qd3 Qa6 33.b4 Kg8 34.Nf2 Rc4 35.Be2 Rec8 36.Qd2 Rxc1
37.Rxc1 Rxc1+ 38.Qxc1 Qc6 39.Qf1 Qc2 40.Bxb5 Qxb2 41.Bxd7 Qxa3 42.Qb5 Qa8
43.Qc4 Qa1+ 44.Kg2 Qa7 45.b5 Bf8 46.Bc6 Bc8 47.Bd5 Kg7 48.Qxc8 g4 49.Qb7 Qxb7
50.Bxb7 d5 51.exd5 g3 52.hxg3 Bc5 53.Ne4 Bb6 54.d6 Kf8 55.Bc6 Kg7 56.Nd2 e4
57.Nxe4 Kf8 58.Nxf6 Kg7 59.Nd5  1-0

[Event "Wattens op"]
[Site "Wattens"]
[Date "1993.??.??"]
[Round "?"]
[White "Muehlbacher, Bernhard"]
[Black "Gruenstaeudle, Wolfgang"]
[Result "1-0"]
[WhiteElo "2005"]
[BlackElo "1780"]

1.c4 b6 2.e4 e6 3.Nc3 Bb7 4.Nf3 Bb4 5.Qc2 Ne7 6.a3 Bxc3 7.dxc3 O-O 8.Be3 f5
9.exf5 exf5 10.O-O-O a5 11.Bd3 Na6 12.Bg5 h6 13.Bxf5 hxg5 14.Bxd7 Bxf3 15.Be6+ Kh8
16.Rxd8 Raxd8 17.gxf3 Rxf3 18.h4 g4 19.Bxg4 Rf4 20.f3 Nc5 21.Rd1 Rff8 22.b4 axb4
23.cxb4 Na6 24.Qe4 Ng8 25.Rxd8 Rxd8 26.Qb7 Nb8 27.Qxc7 Re8 28.Qxb6 Nf6 29.Qb5  1-0

[Event "Aschach op"]
[Site "Aschach"]
[Date "1994.??.??"]
[Round "?"]
[White "Kleissel, H."]
[Black "Tratar, Marko"]
[Result "0-1"]
[WhiteElo "2170"]
[BlackElo "2380"]

1.c4 b6 2.Nc3 c5 3.e4 Bb7 4.Nf3 e6 5.d4 cxd4 6.Nxd4 d6 7.g3 Nf6 8.Bg2 a6
9.Qd2 Nbd7 10.O-O Qc7 11.b3 Be7 12.Bb2 Rc8 13.Rfe1 O-O 14.Rad1 Qb8 15.f3 Rfe8
16.Kh1 h6 17.Rc1 Bd8 18.a4 Bc7 19.Ba3 Rcd8 20.Red1 Nf8 21.Qa2 h5 22.Qf2 Ng6
23.Nde2 Ba8 24.Rb1 h4 25.gxh4 d5 26.exd5 exd5 27.h5 Nxh5 28.cxd5 Bxh2 29.Rd2 Ng3+
30.Nxg3 Bxg3 31.Qd4 Be5 32.Qd3 Nf4 33.Qe3 Nxd5 34.Nxd5 Bxd5 35.Rxd5 Rxd5
36.Re1 Rdd8  0-1

[Event "Aschach op"]
[Site "Aschach"]
[Date "1994.??.??"]
[Round "?"]
[White "Priesner, Andreas"]
[Black "Bandza, Algirdas"]
[Result "0-1"]
[WhiteElo "2135"]
[BlackElo "2355"]

1.c4 b6 2.Nf3 Bb7 3.d4 e6 4.g3 Nf6 5.Bg2 Be7 6.O-O O-O 7.Nc3 d5 8.Ne5 Na6
9.e3 Qc8 10.Qe2 Rd8 11.b3 c5 12.Ba3 dxc4 13.bxc4 Bxg2 14.Kxg2 Qb7+ 15.Qf3 Qxf3+
16.Kxf3 Bd6 17.Nb5 Bxe5 18.dxe5 Ne8 19.Rfd1 Nac7 20.Nc3 Kf8 21.Ne2 Ke7 22.Rab1 Rd7
23.g4 Kd8 24.Ke4 Na6 25.f4 Nb8 26.Bb2 Nc6 27.Bc3 g6 28.Ng3 Kc7 29.Rxd7+ Kxd7
30.h4 Ke7 31.f5 exf5+ 32.gxf5 gxf5+ 33.Nxf5+ Ke6 34.Rg1 Rd8 35.h5 Ne7 36.Ng7+ Nxg7
37.Rxg7 Nf5 38.Rg5 Ne7 39.Rg3 Rd1 40.Rf3 Ng8 41.Rf2 Rh1 42.Rd2 Rh4+ 43.Kf3 Rxc4
44.Rd6+ Ke7 45.Be1 f6 46.Bg3 fxe5 47.Bxe5 Rh4 48.Rc6 Rxh5 49.Ke4 Kd8 50.Rd6+ Ke8
51.Re6+ Kf7 52.Rc6 Ne7 53.Rf6+ Ke8 54.Bb8 Nc8 55.Rc6 Kd8 56.Rf6 Kd7 57.Bxa7 Nxa7
58.Rf7+ Kc6 59.Rxa7 Rh2 60.Kd3 h5 61.a4 h4 62.Rh7 h3 63.e4 Rh1 64.Rh6+ Kd7
65.Kc2 h2 66.Kb2 c4 67.Rh3 c3+ 68.Rxc3 Rg1 69.Rd3+ Kc6  0-1

[Event "AUT-chT2W 9495"]
[Site "Austria"]
[Date "1994.??.??"]
[Round "?.1"]
[White "Barthelmann, Benno"]
[Black "Poettinger, Harald"]
[Result "0-1"]
[WhiteElo "1955"]
[BlackElo "2165"]

1.c4 b6 2.Nc3 Bb7 3.Nf3 e6 4.g3 Bxf3 5.exf3 c5 6.d4 cxd4 7.Qxd4 Nc6 8.Qd1 Nf6
9.Bg2 Bb4 10.Bd2 Rc8 11.O-O O-O 12.f4 Na5 13.b3 d5 14.Nb5 Bxd2 15.Qxd2 a6
16.Nd4 dxc4 17.Rfd1 Qd6 18.Qe2 Qa3 19.f5 exf5 20.Nxf5 Rfe8 21.Qf3 Rcd8 22.Qf4 Rxd1+
23.Rxd1 cxb3 24.axb3 Qxb3 25.Rc1 Qb2 26.Qg5 g6 27.Nh6+ Kg7 28.Rc7 Rf8 29.Bf3 Nb3
30.Nf5+ Kg8 31.Nh6+ Kg7 32.Rc6 Nd2 33.Nf5+ Kh8 34.Bd1 Nde4 35.Qf4 gxf5 36.Bc2 Qd4
37.g4 Rg8 38.h3 fxg4 39.h4 Qd5  0-1

[Event "AUT-ch"]
[Site "Austria"]
[Date "1994.??.??"]
[Round "4"]
[White "Stadler, Peter"]
[Black "Rockenschaub, Manfred"]
[Result "0-1"]
[WhiteElo "2135"]
[BlackElo "2280"]

1.c4 b6 2.g3 Bb7 3.Nf3 c5 4.Bg2 Nf6 5.O-O d6 6.d4 cxd4 7.Qxd4 Nbd7 8.Nc3 g6
9.b3 Bg7 10.Bb2 O-O 11.Qd2 Nc5 12.Nd4 Bxg2 13.Kxg2 Qd7 14.Nd5 Nfe4 15.Qc2 e6
16.Ne3 e5 17.Nf3 f5 18.Rad1 Qf7 19.Ng1 Rad8 20.f3 Nf6 21.Nd5 Rfe8 22.Nxf6+ Qxf6
23.b4 Ne6 24.e3 Qg5 25.Qb3 Bh6 26.f4 Qe7 27.fxe5 dxe5 28.Bxe5 Qb7+ 29.Kf2 Rxd1
30.Rxd1 Nc5 31.bxc5 Rxe5 32.Qd3 Bxe3+ 33.Kf1 Bxc5 34.Qd8+ Bf8 35.Qf6 Qe4
36.Rd8 Qxc4+ 37.Kg2 Qe4+ 38.Kh3 Qg4+ 39.Kg2 Qe4+ 40.Kh3 Re8 41.Rd7 Be7 42.Qc3 g5  0-1

[Event "Regionalliga NO9495"]
[Site "Bayern"]
[Date "1994.??.??"]
[Round "2"]
[White "Kotissek, Philipp"]
[Black "Rottler, Martin"]
[Result "1-0"]
[WhiteElo "2055"]
[BlackElo "2100"]

1.c4 b6 2.Nc3 Bb7 3.Nf3 e6 4.g3 Nf6 5.Bg2 Be7 6.O-O O-O 7.Rb1 d5 8.cxd5 Nxd5
9.d3 Bf6 10.Ne4 Be7 11.Ne5 Nd7 12.Nc4 a5 13.Bf4 Kh8 14.Rc1 Nxf4 15.gxf4 Nf6
16.Ncd2 Nd5 17.Ng3 Rb8 18.f5 exf5 19.Nxf5 Bf6 20.Nc4 Nf4 21.Bxb7 Rxb7 22.Nfe3 Re8
23.Rc2 Qd7 24.Kh1 Bd4 25.Ng2 Nxg2 26.Kxg2 Re6 27.e4 Rh6 28.Qf3 b5 29.Nxa5 Rbb6
30.Qf5 Rbg6+ 31.Kh1 Qe8 32.Rxc7 Be5 33.f4 Bxc7 34.Nb3 Rf6 35.Qg4 Bxf4 36.Rxf4 Qb8
37.e5 Rfg6 38.Qf3 Qxe5 39.Qa8+  1-0

[Event "Regionalliga NW9495"]
[Site "Bayern"]
[Date "1994.??.??"]
[Round "3"]
[White "Seuffert, Gabriel"]
[Black "Hansen, Thomas"]
[Result "0-1"]
[WhiteElo "1965"]
[BlackElo "2095"]

1.c4 b6 2.Nc3 Bb7 3.Nf3 e6 4.e4 Bb4 5.Qc2 Ne7 6.d4 O-O 7.Bd3 f6 8.O-O Ng6
9.Be3 Nc6 10.Rad1 Nce7 11.a3 Bxc3 12.Qxc3 f5 13.Qc2 fxe4 14.Bxe4 Bxe4 15.Qxe4 Nf5
16.Bg5 Qe8 17.Rfe1 Nd6 18.Qc2 Rf5 19.c5 Nf7 20.Bc1 Rd5 21.Qe4 c6 22.b4 b5
23.Qg4 a5 24.h4 axb4 25.axb4 Ra4 26.h5 Ne7 27.Bd2 Nf5 28.Bc3 Ne7 29.Qh4 Nf5
30.Qh3 Qe7 31.g4 N5h6 32.Qg3 Ng5 33.Qb8+ Kf7 34.Ne5+ Rxe5 35.Qxe5 Nf3+ 36.Kg2 Nxe5
37.dxe5 Nxg4 38.Re4 Qg5 39.Bd2 Qxh5 40.Rh1 Qxh1+  0-1

[Event "GER-ch"]
[Site "Binz"]
[Date "1994.??.??"]
[Round "9"]
[White "Hiebel, Johannes"]
[Black "Krajina, Davor"]
[Result "1-0"]
[WhiteElo "2315"]
[BlackElo "2270"]

1.c4 b6 2.d4 e6 3.Nc3 Bb7 4.f3 Bb4 5.e4 f5 6.exf5 Nh6 7.fxe6 O-O 8.Be3 Qf6
9.Qd2 Nf5 10.Bd3 Nxe3 11.Qxe3 c5 12.Ne2 Nc6 13.d5 Ne5 14.O-O dxe6 15.Ne4 Qg6
16.d6 Rad8 17.a3 Ba5 18.Rad1 Qh5 19.Ng5 Nxd3 20.Rxd3 Rfe8 21.f4 Qg6 22.Ng3 b5
23.b3 bxc4 24.bxc4 Ba6 25.Nf3 e5 26.Nxe5 Qe6 27.Qe4 Rxd6 28.Rfd1 Rd4 29.Rxd4 cxd4
30.Qxd4 Bc7 31.Nf3 Rd8 32.Qxd8+ Bxd8 33.Rxd8+  1-0

[Event "Porz op"]
[Site "Cologne"]
[Date "1994.??.??"]
[Round "8"]
[White "Zagorskis, Darius"]
[Black "Bandza, Algirdas"]
[Result "1-0"]
[WhiteElo "2450"]
[BlackElo "2355"]

1.c4 b6 2.d4 e6 3.e4 Bb7 4.Bd3 f5 5.exf5 Bb4+ 6.Kf1 Nf6 7.a3 Bd6 8.Nc3 O-O
9.Bg5 c5 10.Nge2 Nc6 11.d5 Ne7 12.Bxf6 Rxf6 13.fxe6 dxe6 14.Ne4 Rh6 15.dxe6 Rxe6
16.Ng5 Rh6 17.Nc3 Ng6 18.Be4 Qxg5 19.Bxb7 Rd8 20.Qd5+ Qxd5 21.Bxd5+ Kf8 22.Re1 Ne7
23.g3 Nf5 24.Kg2 Re8 25.Rxe8+ Kxe8 26.Re1+ Kd7 27.Bf3 Nd4 28.Bg4+ Kd8 29.Nb5 Rg6
30.h3 Bf8 31.Re4 Rd6 32.Rf4 Ke8 33.Nc7+ Ke7 34.Re4+ Kf7 35.Nd5 g6 36.h4 h5
37.Bh3 b5 38.Rf4+ Kg7 39.Nc7 Rb6 40.cxb5 Be7 41.Nd5 Bd6 42.Nxb6 Bxf4 43.gxf4 axb6
44.a4 Kf6 45.Bc8 Ke7 46.Bb7 Kd6 47.Be4 Nf5 48.Bxf5 gxf5 49.Kf3 Kd5 50.Ke3 Kc4
51.a5 Kxb5 52.axb6 Kxb6 53.Kd3 Kb5 54.Kc3 Kb6 55.Kc4 Kc6 56.b3 Kd6 57.Kb5 Kd5
58.f3 Kd4 59.Kc6 Ke3 60.Kxc5 Kxf4 61.b4 Kxf3 62.b5 f4 63.b6 Kg2 64.b7 f3
65.b8=Q f2 66.Qg8+ Kh1 67.Qf7 Kg2 68.Qg6+ Kh2 69.Qf5 Kg2 70.Kd4 f1=Q 71.Qxf1+ Kxf1
72.Ke3  1-0

[Event "Djakovo op"]
[Site "Djakovo"]
[Date "1994.??.??"]
[Round "4"]
[White "Vaulin, Alexander"]
[Black "Chernyshov, Konstantin"]
[Result "0-1"]
[WhiteElo "2560"]
[BlackElo "2480"]

1.c4 b6 2.d4 e6 3.Nc3 Bb7 4.a3 f5 5.d5 Be7 6.Nf3 Nf6 7.Nd4 c5 8.Nc2 exd5
9.cxd5 d6 10.g3 O-O 11.Bg2 Na6 12.O-O Nc7 13.Rb1 Qd7 14.b4 Rfe8 15.Bb2 Bf8
16.Ba1 g6 17.a4 Qf7 18.Ne3 Bh6 19.Nc4 Rad8 20.Nb5 Nxb5 21.Bxf6 Qxf6 22.axb5 Qc3
23.Qd3 Bg7 24.Rb3 Qxd3 25.exd3 Bd4 26.Bf3 g5 27.h3 Re7 28.bxc5 Bxc5 29.Ra1 Ba8
30.Kf1 Rf8 31.Rd1 Bd4 32.Nxd6 g4 33.Bg2 f4 34.hxg4 f3 35.Bh1 Bxd5 36.Rb4 Bc5
37.Ra4  0-1

[Event "Hessen-ch"]
[Site "Doernigheim"]
[Date "1994.??.??"]
[Round "2"]
[White "Reschke, Thomas"]
[Black "Schmitzer, Klaus"]
[Result "0-1"]
[WhiteElo "2225"]
[BlackElo "2320"]

1.c4 b6 2.g3 Bb7 3.Nf3 g6 4.Bg2 Bg7 5.O-O f5 6.Nc3 Nf6 7.d3 O-O 8.Qc2 e6
9.b3 Qe7 10.Bb2 d6 11.Rfe1 Nbd7 12.e4 fxe4 13.dxe4 Ng4 14.h3 Nde5 15.Nxe5 Rxf2
16.Qb1 Bxe5 17.Ne2 Qf6 18.Bxe5 Rxg2+  0-1

[Event "Hessen-ch"]
[Site "Doernigheim"]
[Date "1994.??.??"]
[Round "7"]
[White "Majer, Damir"]
[Black "Drill, Frank"]
[Result "1-0"]
[WhiteElo "2225"]
[BlackElo "2205"]

1.c4 b6 2.e4 Bb7 3.Nc3 e6 4.Nf3 c5 5.d4 cxd4 6.Nxd4 d6 7.Be3 Nf6 8.f3 a6
9.Qd2 Be7 10.Be2 O-O 11.O-O Nbd7 12.Rfd1 Qc7 13.Rac1 Rac8 14.Bf1 Qb8 15.Qf2 Bd8
16.Nb3 Bc7 17.Qh4 Ba8 18.Nd4 Rfe8 19.Re1 Bd8 20.Qg3 Bc7 21.Qh4 Bd8 22.Qf2 Bc7
23.g3 Bd8 24.b3 g6 25.Qd2 Be7 26.Nc2 Qb7 27.Bd4 Ne5 28.Bg2 Nc6 29.Bf2 b5
30.cxb5 axb5 31.a4 bxa4 32.bxa4 Ne5 33.Nb5 Nc4 34.Qe2 d5 35.e5 Nd7 36.f4 Qa6
37.Ncd4 Nc5 38.Rc2 Nxa4 39.Ra1 Ncb6 40.Rca2 Bb7 41.Qd1 Bc5 42.Rxa4 Nxa4 43.Rxa4 Qb6
44.Nd6 Bxd6 45.exd6 Qxd6 46.Nf3 Rc6 47.Ne5 Rc7 48.Ng4 Rec8 49.Ra1 h5 50.Nf6+ Kf8
51.Bd4 Rc2 52.Qb1 Ba6 53.Bf1 R2c6 54.Rxa6 Rxa6 55.Bxa6 Qxa6 56.Qb4+ Kg7 57.Nxd5+ Kh6
58.Nc3 Qd3 59.Qd6 Rxc3 60.Qf8+  1-0

[Event "RUS-ch"]
[Site "Elista"]
[Date "1994.??.??"]
[Round "4"]
[White "Kharitonov, Andrei Y"]
[Black "Ivanov, Victor L"]
[Result "1-0"]
[WhiteElo "2535"]
[BlackElo "2385"]

1.c4 b6 2.Nc3 e6 3.e4 Bb7 4.d3 c5 5.g3 Nf6 6.Bg2 Be7 7.Nge2 O-O 8.O-O Nc6
9.d4 cxd4 10.Nxd4 Na5 11.b3 Bb4 12.Nde2 Rc8 13.Bb2 a6 14.Qd3 b5 15.cxb5 Qb6
16.e5 Bxg2 17.Kxg2 Ng4 18.Qe4 Bxc3 19.Bxc3 f5 20.exf6 Nxf6 21.Qa4 Qb7+ 22.f3 Nd5
23.bxa6 Qxa6 24.Qxa5 Qxe2+ 25.Rf2 Ne3+ 26.Kg1 Qd3 27.Bb2 Nd1 28.Qe5 Rf7 29.Re2 Rc2
30.Rxc2 Qxc2 31.Bd4 Qd3 32.Rc1 h6 33.Rc8+ Kh7 34.Qe4+ Qxe4 35.fxe4 e5 36.Rc1 exd4
37.Rxd1  1-0

[Event "Formia op"]
[Site "Formia"]
[Date "1994.??.??"]
[Round "5"]
[White "Foisor, Ovidiu"]
[Black "Sulava, Nenad"]
[Result "1/2-1/2"]
[WhiteElo "2435"]
[BlackElo "2400"]

1.c4 b6 2.b3 e5 3.Bb2 f6 4.d4 Bb4+ 5.Nc3 Ne7 6.e3 O-O 7.Bd3 exd4 8.exd4 d5
9.Ne2 Bf5 10.O-O Qd7 11.Nxd5 Nxd5 12.cxd5 Bxd3 13.Qxd3 Qxd5 14.Nf4 Qf7 15.d5 Nd7
16.Ne6 Nc5 17.Qc4 Nxe6 18.dxe6 Qe7 19.Rad1 Bd6 20.f4 b5 21.Qe2 a5 22.f5 b4
23.Bc1 Rfd8 24.Be3 a4 25.Qc4 Ra5 26.g4 axb3 27.axb3 Rb8 28.Rd2 h6 29.Rfd1 Kh7
30.Bf4 Rc5 31.Qe4 Rc3  1/2-1/2

[Event "Frydek-Mistek op"]
[Site "Frydek-Mistek"]
[Date "1994.??.??"]
[Round "?"]
[White "Zagorskis, Darius"]
[Black "Chernyshov, Konstantin"]
[Result "1-0"]
[WhiteElo "2485"]
[BlackElo "2485"]

1.c4 b6 2.d4 Bb7 3.Bg5 Nf6 4.Bxf6 gxf6 5.e3 e6 6.Nc3 f5 7.Nf3 c5 8.d5 Bg7
9.Qd2 a6 10.Rd1 O-O 11.a4 Qf6 12.Be2 e5 13.g3 d6 14.O-O Re8 15.Nh4 Bc8 16.Qc2 Ra7
17.f4 e4 18.Ra1 Nd7 19.Ng2 Nf8 20.a5 Rb7 21.axb6 Rxb6 22.Ra2 Bd7 23.Kh1 Reb8
24.Rg1 Qh6 25.Rb1 Bf6 26.b3 Qg7 27.Nd1 Ra8 28.Nf2 a5 29.g4 Kh8 30.gxf5 Bxf5
31.Nxe4 Bxe4 32.Qxe4 Qg6 33.Bd3 Bc3 34.Qxg6 hxg6 35.Kg1 Nd7 36.Kf1 Rb4 37.Ne1 Kg7
38.Nc2 Rbb8 39.Na3 Rh8 40.Kg2 Nf6 41.Nb5 Bb4 42.h3 Rad8 43.Re2 Nh5 44.Rf1 f5
45.e4 fxe4 46.Rxe4 Rhe8 47.Nxd6 Rxe4 48.Nxe4 Rf8 49.Ng5 Rb8 50.Ne6+ Kf6 51.Kf3 Ng7
52.Nxg7 Kxg7 53.Rg1 Bc3 54.Bc2 Kf8 55.Rxg6 Kf7 56.Rc6 Bd4 57.h4 Rg8 58.h5 Rg1
59.h6 Rc1 60.Bg6+ Ke7 61.h7 Rc3+ 62.Kg4 Rxb3 63.Rc8 Rb6 64.f5  1-0

[Event "BL2-N9394"]
[Site "Germany"]
[Date "1994.??.??"]
[Round "?"]
[White "Stanke, Juergen"]
[Black "David, Adrian"]
[Result "1/2-1/2"]
[WhiteElo "2300"]
[BlackElo "2315"]

1.c4 b6 2.d4 e6 3.Nc3 Bb4 4.e4 Bb7 5.f3 f5 6.exf5 Nh6 7.fxe6 O-O 8.Bxh6 Qh4+
9.Kd2 Qxh6+ 10.Kc2 dxe6 11.Qd2 Qxd2+ 12.Kxd2 Nc6 13.Ne2 Rad8 14.Kc2 Nxd4+
15.Nxd4 Rxd4 16.Bd3 a6 17.Rad1 Rfd8 18.Ne2 R4d6 19.Ng3 a5 20.a3 Bc5 21.Ne4 Bxe4
22.Bxe4 Rxd1  1/2-1/2

[Event "Groningen op"]
[Site "Groningen"]
[Date "1994.??.??"]
[Round "3"]
[White "De Boer, Gert Jan"]
[Black "Zak, Uriel"]
[Result "0-1"]
[WhiteElo "2435"]
[BlackElo "2370"]

1.c4 b6 2.d4 Bb7 3.d5 e6 4.a3 Nf6 5.Nc3 Bd6 6.e4 Be5 7.Bd3 c6 8.Nf3 Bxc3+
9.bxc3 cxd5 10.cxd5 exd5 11.e5 Ne4 12.c4 Qc7 13.O-O dxc4 14.Qc2 Qc6 15.Qxc4 Qxc4
16.Bxc4 Nc6 17.Bb2 Na5 18.Ba2 Rc8 19.Nd4 O-O 20.Rac1 Nd2 21.e6 dxe6 22.Nxe6 Nxf1
23.Nxf8 Kxf8 24.Kxf1 Ba6+ 25.Ke1 Bc4 26.Bb1 Re8+ 27.Kd1 Bb3+ 28.Kd2 Bd5 29.Rd1 Nc4+
30.Kc3 Nxb2 31.Rxd5 Na4+ 32.Kb4 Nc5 33.Rd2 Re1 34.Ba2 Ke7 35.Kb5 Rc1 36.a4 g6
37.h4 Rc3 38.a5 bxa5 39.h5 a4 40.Rd5 Rc2 41.hxg6 hxg6 42.Bb1 Rb2+ 43.Kxc5 Rxb1
44.Rd2 a3 45.Ra2 Rb2 46.Rxa3 Rxf2 47.g3 a5 48.Kd4 Rf5 49.Ke4 Rb5 50.Kf3 Kf6
51.g4 Kg5 52.Kg3 Rc5 53.Kh3 Kf4 54.Ra4+ Ke3 55.Kg3 Kd3 56.Rf4 Rc7  0-1